[Event "Hanoi GM2 03"]
[Site "Hanoi"]
[Date "2024.03.20"]
[Round "7"]
[White "Tran, Tuan Minh"]
[Black "Tran, Dang Minh Quang"]
[Result "1-0"]
[WhiteElo "2465"]
[BlackElo "2269"]
[PlyCount "81"]
[EventDate "2024.03.19"]
[EventType "tourn"]
[EventRounds "9"]
[EventCountry "VIE"]
[SourceTitle "CB13_2024"]
[SourceDate "2024.03.27"]
[SourceVersion "1"]
[SourceVersionDate "2024.03.27"]
[SourceQuality "1"]

1. Nf3 Nf6 2. c4 c6 3. Nc3 d5 4. e3 Nbd7 5. Qc2 e6 6. b3 b6 7. cxd5 exd5 8. Bb2 Bb7 9. d4 Bd6 10. Bd3 Qe7 11. 0-0 0-0 12. Rfe1 c5 13. e4 dxe4 14. Nxe4 cxd4 15. Nxf6+ Qxf6 16. Bxh7+ Kh8 17. Be4 Rac8 18. Qd1 Bxe4 19. Rxe4 Rfe8 20. Rxd4 Ne5 21. Rh4+ Kg8 22. Nxe5 Qxh4 23. Qxd6 Red8 24. Nd7 Rc2 25. g3 Qg5 26. Rd1 Rxb2 27. Nf6+ gxf6 28. Qxd8+ Kg7 29. Rd4 Rxa2 30. Rh4 Qc1+ 31. Kg2 f5 32. Qd4+ Kg6 33. Rh8 Qc6+ 34. Kh3 f6 35. Qh4 Kf7 36. Qh5+ Ke6 37. Re8+ Kd6 38. Qf7 Qd7 39. Qxf6+ Kc5 40. Qe5+ Kc6 41. Re6+ 1-0

[Event "Marikina City Kamatyas"]
[Site "Marikina City"]
[Date "2023.12.15"]
[Round "8"]
[White "Tran, Tuan Minh"]
[Black "Concio, Michael Jr"]
[Result "0-1"]
[WhiteElo "2484"]
[BlackElo "2403"]
[PlyCount "88"]
[EventDate "2023.12.10"]
[EventType "tourn"]
[EventRounds "9"]
[EventCountry "PHI"]
[EventCategory "7"]
[SourceTitle "CB51_2023"]
[SourceDate "2023.12.20"]
[SourceVersion "1"]
[SourceVersionDate "2023.12.20"]
[SourceQuality "1"]

1. c4 Nf6 2. Nc3 e5 3. Nf3 d6 4. d4 Nbd7 5. g3 g6 6. Bg2 Bg7 7. 0-0 0-0 8. h3 Re8 9. b3 exd4 10. Nxd4 Nc5 11. Bb2 Nfe4 12. Nd5 a5 13. Rb1 c6 14. Nf4 a4 15. b4 a3 16. Ba1 Na4 17. Qd3 f5 18. e3 Nb2 19. Qc2 Qe7 20. Kh2 Qf7 21. Rbc1 Ra4 22. Bxb2 axb2 23. Qxb2 c5 24. bxc5 dxc5 25. Qc2 Bd7 26. Nb3 Bc6 27. Nd5 b5 28. Nd2 Bxd5 29. cxd5 Nc3 30. Nb1 Rxa2 31. Qb3 c4 32. Qb4 Ne2 33. Qxb5 Nxc1 34. Qxc4 Rb8 35. Qxc1 Rbb2 36. d6 Rxf2 37. Rxf2 Rxf2 38. Qc8+ Qf8 39. d7 Bf6 40. Qe8 Kg7 41. Nc3 Qd6 42. Kh1 Qxg3 43. Qa8 Be5 44. Kg1 Bxc3 0-1

[Event "Asian Games tt"]
[Site "Hangzhou"]
[Date "2023.10.06"]
[Round "8.19"]
[White "Li, Yiheng"]
[Black "Tran, Tuan Minh"]
[Result "0-1"]
[WhiteElo "1857"]
[BlackElo "2483"]
[PlyCount "116"]
[EventDate "2023.09.29"]
[EventType "team-tourn"]
[EventRounds "9"]
[EventCountry "CHN"]
[SourceTitle "EXT 2024"]
[Source "ChessBase"]
[SourceDate "2023.10.10"]
[SourceVersion "1"]
[SourceVersionDate "2023.10.10"]
[SourceQuality "1"]
[WhiteTeam "Hong Kong"]
[BlackTeam "Vietnam"]
[WhiteTeamCountry "HKG"]
[BlackTeamCountry "VIE"]

1. e4 c5 2. Nf3 e6 3. d4 cxd4 4. Nxd4 a6 5. c4 Nf6 6. Nc3 Bb4 7. Qd3 d6 8. f3 0-0 9. Be3 Nbd7 10. a3 Ba5 11. b4 Bb6 12. Be2 Ne5 13. Qd2 Bd7 14. Rc1 Rc8 15. Nd1 Ng6 16. Nc2 Ba4 17. 0-0 Nf4 18. Bxb6 Qxb6+ 19. Nce3 Qd4 20. Qe1 d5 21. Kh1 dxc4 22. Rf2 Rfd8 23. Bf1 Nd3 24. Bxd3 cxd3 25. Rxc8 Rxc8 26. Rd2 h5 27. Nb2 Bc2 28. Ned1 Nd7 29. Qf2 Qxf2 30. Nxf2 Ne5 31. h3 b5 32. Nbxd3 Bxd3 33. f4 Bxe4 34. Nxe4 Ng6 35. Rd6 Nxf4 36. Rxa6 Rc1+ 37. Kh2 Rc2 38. Kg3 e5 39. Rb6 Rxg2+ 40. Kf3 Ra2 41. Rxb5 Rxa3+ 42. Kf2 Nxh3+ 43. Ke2 Nf4+ 44. Kf2 f6 45. Rb8+ Kh7 46. b5 h4 47. b6 Ra2+ 48. Kf3 h3 49. b7 Rb2 50. Ng3 h2 51. Nh1 Rb1 52. Kg3 Rg1+ 53. Kf3 Rxh1 54. Rh8+ Kxh8 55. b8Q+ Kh7 56. Qe8 Rf1+ 57. Kg3 h1Q 58. Qh5+ Nxh5+ 0-1

[Event "Asian Games tt"]
[Site "Hangzhou"]
[Date "2023.10.03"]
[Round "5.12"]
[White "Zhakshylykov, Erzhan"]
[Black "Tran, Tuan Minh"]
[Result "0-1"]
[WhiteElo "2205"]
[BlackElo "2483"]
[PlyCount "114"]
[EventDate "2023.09.29"]
[EventType "team-tourn"]
[EventRounds "9"]
[EventCountry "CHN"]
[SourceTitle "EXT 2024"]
[Source "ChessBase"]
[SourceDate "2023.10.10"]
[SourceVersion "1"]
[SourceVersionDate "2023.10.10"]
[SourceQuality "1"]
[WhiteTeam "Kyrgyzstan"]
[BlackTeam "Vietnam"]
[WhiteTeamCountry "KGZ"]
[BlackTeamCountry "VIE"]

1. e4 c5 2. Nf3 e6 3. d4 cxd4 4. Nxd4 a6 5. Nc3 Bb4 6. Bd3 Ne7 7. 0-0 0-0 8. e5 d6 9. Bxh7+ Kxh7 10. Qh5+ Kg8 11. Ne4 Re8 12. Bg5 dxe5 13. Nf6+ gxf6 14. Bxf6 Ng6 15. Bxd8 Rxd8 16. Nf3 Nd7 17. Rad1 Be7 18. Ng5 Nf6 19. Rxd8+ Bxd8 20. Qh6 Bd7 21. Rd1 Be8 22. Rd3 Be7 23. Nxe6 fxe6 24. Rg3 Rd8 25. Rxg6+ Bxg6 26. Qxg6+ Kf8 27. h4 Rd4 28. g3 Rg4 29. Qd3 Kf7 30. Qc3 Bd6 31. Kg2 Rd4 32. Qf3 e4 33. Qe3 Rd5 34. g4 Nxg4 35. Qxe4 Nf6 36. Qf3 Bc5 37. c4 Rd7 38. h5 b6 39. Kh3 a5 40. b3 e5 41. Qf5 e4 42. Qg6+ Ke6 43. h6 Bxf2 44. a3 Rd3+ 45. Kh2 Rg3 46. Qxg3 Bxg3+ 47. Kxg3 Ke5 48. b4 axb4 49. axb4 Kd4 50. c5 bxc5 51. bxc5 Kxc5 52. Kf4 Kd5 53. Kf5 e3 54. Kxf6 e2 55. h7 e1Q 56. Kg7 Qe7+ 57. Kg8 Ke6 0-1

[Event "VIE-ch"]
[Site "Ha Tien"]
[Date "2023.09.15"]
[Round "5"]
[White "Tran, Tuan Minh"]
[Black "Nguyen, Xuan Vinh"]
[Result "1-0"]
[WhiteElo "2483"]
[BlackElo "2221"]
[PlyCount "69"]
[EventDate "2023.09.13"]
[EventType "swiss"]
[EventRounds "9"]
[EventCountry "VIE"]
[SourceTitle "EXT 2024"]
[Source "ChessBase"]
[SourceDate "2023.10.10"]
[SourceVersion "1"]
[SourceVersionDate "2023.10.10"]
[SourceQuality "1"]

1. d4 d5 2. Nf3 c6 3. Bf4 Bf5 4. e3 e6 5. Be2 Bd6 6. 0-0 Ne7 7. Bxd6 Qxd6 8. Nh4 Bg6 9. Nd2 c5 10. dxc5 Qxc5 11. c4 dxc4 12. Nxc4 0-0 13. Nxg6 hxg6 14. Rc1 Nbc6 15. Qb3 Qb4 16. Qxb4 Nxb4 17. a3 Nbd5 18. g3 Rad8 19. Rcd1 b6 20. h4 Nf6 21. Nd6 Ned5 22. Nb5 Rd7 23. Nd4 Kh7 24. g4 Ne7 25. g5 Nfd5 26. Nf3 Rdd8 27. Ba6 Ng8 28. e4 Nde7 29. Ne5 Rxd1 30. Rxd1 f6 31. Nd7 Re8 32. Rc1 fxg5 33. hxg5 Rd8 34. Ne5 Rd4 35. Bb7 1-0

[Event "VIE-ch"]
[Site "Ha Tien"]
[Date "2023.09.14"]
[Round "3"]
[White "Le, Minh Hoang"]
[Black "Tran, Tuan Minh"]
[Result "0-1"]
[WhiteElo "2240"]
[BlackElo "2483"]
[PlyCount "122"]
[EventDate "2023.09.13"]
[EventType "swiss"]
[EventRounds "9"]
[EventCountry "VIE"]
[SourceTitle "EXT 2024"]
[Source "ChessBase"]
[SourceDate "2023.10.10"]
[SourceVersion "1"]
[SourceVersionDate "2023.10.10"]
[SourceQuality "1"]

1. e4 c5 2. Nf3 a6 3. c3 g6 4. d4 cxd4 5. Qxd4 Nf6 6. e5 Nc6 7. Qh4 Nh5 8. g4 Ng7 9. Be3 Qc7 10. Nbd2 b5 11. Bg2 Bb7 12. 0-0 Ne6 13. Ng5 Qxe5 14. Rae1 Qc7 15. Nde4 Bg7 16. f4 Nxg5 17. fxg5 Ne5 18. Nf6+ Bxf6 19. gxf6 Bxg2 20. Kxg2 e6 21. Kg1 h5 22. Qg3 d6 23. Bd4 hxg4 24. Bxe5 dxe5 25. Rd1 Qc5+ 26. Kg2 Rd8 27. Qxg4 Qe3 28. Rxd8+ Kxd8 29. Kh1 Kc7 30. Qb4 Qe2 31. Qc5+ Kb7 32. Rf2 Qd1+ 33. Kg2 Rh5 34. Qe3 Qg4+ 35. Kh1 Rf5 36. Rxf5 Qxf5 37. Qe2 Qxf6 38. a4 Qd8 39. axb5 Qd5+ 40. Kg1 axb5 41. Qf1 f5 42. Qh3 Qd1+ 43. Kf2 Qc2+ 44. Kf1 Qc1+ 45. Kf2 Qxb2+ 46. Kf1 Qc1+ 47. Kf2 Qd2+ 48. Kf1 Kb6 49. Qh8 Qd6 50. Qg8 e4 51. Qxg6 e3 52. Qg1 Qd3+ 53. Kg2 Qe2+ 54. Kh3 Qf3+ 55. Qg3 Qf1+ 56. Kh4 Qc4+ 57. Kh3 Qg4+ 58. Kg2 e2 59. Qxg4 fxg4 60. Kf2 Kc5 61. Kxe2 Kc4 0-1

[Event "Hanoi GM-B"]
[Site "Hanoi"]
[Date "2023.06.02"]
[Round "8"]
[White "Tran, Tuan Minh"]
[Black "Siddharth, Jagadeesh"]
[Result "1/2-1/2"]
[WhiteElo "2503"]
[BlackElo "2381"]
[PlyCount "40"]
[EventDate "2023.05.30"]
[EventType "schev"]
[EventRounds "9"]
[EventCountry "VIE"]
[EventCategory "6"]
[SourceTitle "EXT 2024"]
[Source "ChessBase"]
[SourceDate "2023.10.10"]
[SourceVersion "1"]
[SourceVersionDate "2023.10.10"]
[SourceQuality "1"]

1. d4 Nf6 2. c4 d6 3. Nf3 Nbd7 4. Nc3 e5 5. e4 g6 6. d5 Nc5 7. Qc2 a5 8. Be3 b6 9. h3 Nh5 10. Nd2 Bg7 11. g3 0-0 12. Be2 f5 13. Bxh5 gxh5 14. 0-0-0 Na6 15. Rdg1 Kh8 16. exf5 Bxf5 17. Nce4 c6 18. g4 hxg4 19. hxg4 Bg6 20. dxc6 Rc8 1/2-1/2

[Event "Hanoi GM"]
[Site "Hanoi"]
[Date "2023.05.26"]
[Round "9"]
[White "Mohammad Fahad, Rahman"]
[Black "Tran, Tuan Minh"]
[Result "1/2-1/2"]
[WhiteElo "2396"]
[BlackElo "2503"]
[PlyCount "44"]
[EventDate "2023.05.22"]
[EventType "schev"]
[EventRounds "9"]
[EventCountry "VIE"]
[SourceTitle "CBM 214 Extra"]
[Source "ChessBase"]
[SourceDate "2023.07.31"]
[SourceVersion "1"]
[SourceVersionDate "2023.07.31"]
[SourceQuality "1"]

1. d4 Nf6 2. c4 e6 3. Nf3 b6 4. a3 Bb7 5. Nc3 Ne4 6. Nxe4 Bxe4 7. Nd2 Bb7 8. e4 Qf6 9. d5 c6 10. Bd3 cxd5 11. cxd5 Na6 12. Nf3 Nc5 13. Bc2 exd5 14. exd5 Ba6 15. Rb1 0-0-0 16. Be3 Bd6 17. Qd2 Qe7 18. Qd4 Rde8 19. b4 Ne4 20. Bd3 Bxd3 21. Qxd3 Kb7 22. 0-0 g5 1/2-1/2

[Event "Hanoi GM"]
[Site "Hanoi"]
[Date "2023.05.25"]
[Round "8"]
[White "Tran, Tuan Minh"]
[Black "Siddharth, Jagadeesh"]
[Result "1-0"]
[WhiteElo "2503"]
[BlackElo "2381"]
[PlyCount "53"]
[EventDate "2023.05.22"]
[EventType "schev"]
[EventRounds "9"]
[EventCountry "VIE"]
[SourceTitle "CBM 214 Extra"]
[Source "ChessBase"]
[SourceDate "2023.07.31"]
[SourceVersion "1"]
[SourceVersionDate "2023.07.31"]
[SourceQuality "1"]

1. d4 Nf6 2. c4 d6 3. Nc3 Nbd7 4. Bg5 e5 5. e3 h6 6. Bh4 Be7 7. Bd3 0-0 8. Nge2 c6 9. Bc2 a6 10. a4 a5 11. 0-0 Re8 12. f3 b6 13. Bf2 Ba6 14. b3 Qc7 15. Rc1 Rac8 16. Bf5 g6 17. Bh3 Rcd8 18. e4 exd4 19. Nxd4 Nc5 20. Qd2 Bf8 21. Rfd1 Bg7 22. Qc2 Nh7 23. g3 Bc8 24. Bg2 Ng5 25. h4 Nh3+ 26. Bxh3 Bxh3 27. Nb1 1-0

[Event "Hanoi GM"]
[Site "Hanoi"]
[Date "2023.05.24"]
[Round "6"]
[White "Labog, Eric Jr"]
[Black "Tran, Tuan Minh"]
[Result "0-1"]
[WhiteElo "2252"]
[BlackElo "2503"]
[PlyCount "64"]
[EventDate "2023.05.22"]
[EventType "schev"]
[EventRounds "9"]
[EventCountry "VIE"]
[SourceTitle "CBM 214 Extra"]
[Source "ChessBase"]
[SourceDate "2023.07.31"]
[SourceVersion "1"]
[SourceVersionDate "2023.07.31"]
[SourceQuality "1"]

1. d4 Nf6 2. Nf3 e6 3. c4 b6 4. g3 Ba6 5. Nbd2 c5 6. Bg2 Nc6 7. Ne5 Nxd4 8. e3 Nf5 9. Qa4 Qc8 10. Bxa8 Qxa8 11. Rg1 Bc8 12. b3 Bd6 13. Bb2 Ne4 14. Nd3 Nxd2 15. Kxd2 Bb7 16. Kc2 0-0 17. Rad1 Bc6 18. Qa6 Bc7 19. Kb1 Rb8 20. Ka1 d6 21. Bc3 b5 22. cxb5 Bxb5 23. Qa3 a5 24. Nf4 Ne7 25. Nh5 Qf3 26. g4 e5 27. Bxe5 dxe5 28. Qxc5 Nc6 29. Rd7 Bb6 30. Qd5 Bd4+ 31. Kb1 Bd3+ 32. Kc1 Qxf2 0-1

[Event "VIE-chT"]
[Site "Hanoi"]
[Date "2023.04.23"]
[Round "9"]
[White "Tran, Tuan Minh"]
[Black "Nguyen, Huynh Minh Huy"]
[Result "1/2-1/2"]
[WhiteElo "2503"]
[BlackElo "2441"]
[PlyCount "134"]
[EventDate "2023.04.18"]
[EventType "swiss"]
[EventRounds "9"]
[EventCountry "VIE"]
[SourceTitle "EXT 2024"]
[Source "ChessBase"]
[SourceDate "2023.10.10"]
[SourceVersion "1"]
[SourceVersionDate "2023.10.10"]
[SourceQuality "1"]

1. e4 c5 2. Nf3 e6 3. d4 cxd4 4. Nxd4 a6 5. c4 Nf6 6. Nc3 Qc7 7. Nc2 b6 8. Bd3 Bd6 9. Be3 Nc6 10. h3 Bc5 11. 0-0 Bb7 12. Kh1 Ne5 13. Bg5 Be7 14. Ne3 Qc6 15. Ncd5 Nxd3 16. Qxd3 exd5 17. exd5 Nxd5 18. cxd5 Qg6 19. Qxg6 hxg6 20. Bxe7 Kxe7 21. Rfe1 b5 22. a4 Kd6 23. Ra3 Rh4 24. axb5 axb5 25. Rb3 Ra5 26. Rd1 Ba6 27. Kh2 Rf4 28. Kg3 Raa4 29. Rbd3 Rfe4 30. f3 Re8 31. Kf2 Rc8 32. R3d2 Bb7 33. g4 Rb4 34. h4 Rh8 35. Kg3 Re8 36. Re2 Kc7 37. Rd3 Ra4 38. Rh2 Re5 39. h5 Ra8 40. hxg6 fxg6 41. Rh7 Rae8 42. d6+ Kb6 43. Ng2 g5 44. Rxg7 Bc6 45. b4 R8e6 46. Rf7 Re2 47. Rf5 Rg6 48. Ne3 Rb2 49. Nd5+ Bxd5 50. Rdxd5 Rxb4 51. Rxg5 Rxg5 52. Rxg5 Kc6 53. Rg8 Kxd6 54. g5 Rb1 55. Kf4 Ke6 56. Rg6+ Kf7 57. Rd6 Ke7 58. Rd2 b4 59. Kf5 Rc1 60. f4 Rc5+ 61. Kg6 Rc6+ 62. Kh7 Rc5 63. Re2+ Kf8 64. Kh6 b3 65. g6 Rc2 66. Re3 b2 67. Rb3 Rh2+ 1/2-1/2

[Event "VIE-ch"]
[Site "Vung Tau"]
[Date "2023.03.03"]
[Round "2"]
[White "Tran, Tuan Minh"]
[Black "Tran, Dang Minh Quang"]
[Result "1-0"]
[WhiteElo "2495"]
[BlackElo "2214"]
[PlyCount "97"]
[EventDate "2023.03.03"]
[EventType "swiss"]
[EventRounds "9"]
[EventCountry "VIE"]
[SourceTitle "EXT 2024"]
[Source "ChessBase"]
[SourceDate "2023.10.10"]
[SourceVersion "1"]
[SourceVersionDate "2023.10.10"]
[SourceQuality "1"]

1. Nf3 d5 2. b3 Bf5 3. Bb2 e6 4. g3 Nf6 5. Bg2 Be7 6. d3 h6 7. 0-0 0-0 8. Nbd2 c6 9. e3 a5 10. a3 Na6 11. Qe2 Nc5 12. Ne5 Nfd7 13. e4 Bh7 14. Nxd7 Nxd7 15. f4 Qb6+ 16. Kh1 dxe4 17. dxe4 Rfd8 18. Rad1 Qc7 19. h4 Bf8 20. g4 Nc5 21. Qe3 Rd7 22. Bc3 Rad8 23. Rde1 b5 24. Nb1 a4 25. b4 Na6 26. f5 c5 27. bxc5 Bxc5 28. Qh3 Bd4 29. g5 Qe5 30. g6 fxg6 31. fxe6 Re7 32. Rd1 Nc7 33. Bb4 Qxe6 34. Qxe6+ Rxe6 35. Rxd4 Rde8 36. Nc3 g5 37. Rd7 Rc6 38. e5 Rc4 39. hxg5 hxg5 40. Rff7 Ne6 41. Bd5 Rh4+ 42. Kg1 Kh8 43. Bxe6 Rxe6 44. Rd8+ Bg8 45. Rff8 Rxe5 46. Rxg8+ Kh7 47. Rh8+ Kg6 48. Rxh4 gxh4 49. Rd5 1-0

[Event "Hanoi op"]
[Site "Hanoi"]
[Date "2022.08.29"]
[Round "9"]
[White "Vo, Pham Thien Phuc"]
[Black "Tran, Tuan Minh"]
[Result "0-1"]
[WhiteElo "2037"]
[BlackElo "2495"]
[PlyCount "90"]
[EventDate "2022.08.20"]
[EventType "swiss"]
[EventRounds "9"]
[EventCountry "VIE"]
[SourceTitle "CBM 209 Extra"]
[Source "ChessBase"]
[SourceDate "2022.09.30"]
[SourceVersion "1"]
[SourceVersionDate "2022.09.30"]
[SourceQuality "1"]

1. d4 Nf6 2. c4 e6 3. g3 Bb4+ 4. Bd2 Qe7 5. Nf3 0-0 6. Bg2 Bxd2+ 7. Qxd2 Ne4 8. Qc2 Qb4+ 9. Nbd2 Nxd2 10. Nxd2 Nc6 11. e3 e5 12. dxe5 Nxe5 13. 0-0 a5 14. a3 Qe7 15. b3 Ra6 16. h3 Rh6 17. c5 d6 18. cxd6 Qxd6 19. h4 b6 20. Nc4 Nxc4 21. Qxc4 Be6 22. Qc3 Rh5 23. Rfd1 Rc5 24. Qb2 Qe7 25. Bf1 Rd8 26. Rxd8+ Qxd8 27. b4 Rd5 28. Qc3 h6 29. Be2 Rd2 30. Bf3 a4 31. Rc1 Rd3 32. Qe5 Qf6 33. Qxf6 gxf6 34. Ra1 Kf8 35. Bc6 Bb3 36. Rc1 Rd2 37. Be4 Ra2 38. Rxc7 Rxa3 39. Kg2 Ra1 40. Rc3 Be6 41. Bd3 a3 42. Bc4 a2 43. Bxa2 Rxa2 44. e4 Rb2 45. Rc6 Rxb4 0-1